Inquiry into life. (Record no. 4354)

MARC details
000 -LEADER
fixed length control field 00651cam a22002292 4500
001 - CONTROL NUMBER
control field 0000023235
005 - DATE AND TIME OF LATEST TRANSACTION
control field 20151217145940.0
008 - FIXED-LENGTH DATA ELEMENTS--GENERAL INFORMATION
fixed length control field 120906s xx 000 0 eng d
020 ## - INTERNATIONAL STANDARD BOOK NUMBER
International Standard Book Number 0072858709
040 ## - CATALOGING SOURCE
Original cataloging agency KABU
Transcribing agency KABU
050 #0 - LIBRARY OF CONGRESS CALL NUMBER
Classification number QH308.2
Item number .M33 2006
100 1# - MAIN ENTRY--PERSONAL NAME
Personal name Mader, Sylvia J.
-- 0000155227
245 10 - TITLE STATEMENT
Title Inquiry into life.
250 ## - EDITION STATEMENT
Edition statement 11th ed.
260 ## - PUBLICATION, DISTRIBUTION, ETC. (IMPRINT)
Place of publication, distribution, etc. Boston :
Name of publisher, distributor, etc. McGraw-Hill,
Date of publication, distribution, etc. 2006.
300 ## - PHYSICAL DESCRIPTION
Extent viii, 504 p.
650 #0 - SUBJECT ADDED ENTRY--TOPICAL TERM
Topical term or geographic name as entry element Biology.
-- 0000003707
852 1# - LOCATION
-- p1,800 KES
852 1# - LOCATION
-- p1,800 KES
908 ## - PUT COMMAND PARAMETER (RLIN)
Put command parameter 120906
950 ## - LOCAL HOLDINGS (RLIN)
-- 1
Holdings
Withdrawn status Lost status Source of classification or shelving scheme Not for loan Home library Current library Date acquired Total Checkouts Full call number Barcode Date last seen Price effective from Koha item type Date last checked out
    Library of Congress Classification   Kabarak, Main Campus Kabarak, Main Campus 17/12/2015   QH308.2 .M33 2006 c.1 013638 17/12/2015 17/12/2015 General Collection  
    Library of Congress Classification   Kabarak, Main Campus Kabarak, Main Campus 17/12/2015 1 QH308.2 .M33 2006 c.2 013677 27/10/2022 17/12/2015 General Collection 23/10/2022
Designed with assistance from East African Informatics Ltd